| 000 | 01369nam0a2200301 4500 | ||
|---|---|---|---|
| 001 | RU\NLR\bibl\1248269 | ||
| 005 | 20260407153756.0 | ||
| 010 |
_a978-5-9901263-2-9 _9100 |
||
| 021 |
_aRU _b2008-36065 _91984 |
||
| 035 | _a(NLR Aleph) 001234403 | ||
| 090 |
_a218850 _c218850 |
||
| 100 | _a20080703d2007 |||y0rusy50 ca | ||
| 101 | 0 | _arus | |
| 102 | _aRU | ||
| 105 | _aa ||||||||| | ||
| 200 | 1 |
_aТехнические средства, применяемые на подземном транспорте _eкаталог-справочник _fФедер. агентство по энергетике _gпод общ. ред. д.т.н., проф. В.М. Щадова |
|
| 210 |
_aМосква _cИзд-во ОАО "РУСУГЛЕМАШ" _d2007 |
||
| 215 |
_a120, [1] с. _cил., цв. ил. _d22 |
||
| 320 | _aБиблиогр.: с. 120-121 (16 назв.) | ||
| 606 | 1 |
_aРудничный транспорт _jКаталоги-справочники _91260915 _3RU\NLR\auth\66200166 |
|
| 686 | _aИ16я26 | ||
| 702 | 1 |
_aЩадов _bВ. М. _gВладимир Михайлович _4340 |
|
| 712 | 0 | 1 |
_4570 _aРоссийская Федерация _bФедеральное агентство по энергетике _3RU\NLR\AUTH\8810094562 _9690300 |
| 801 | 0 |
_aRU _bNLR _c20080703 _gRCR |
|
| 801 | 1 |
_aRU _bNLR _c20080703 |
|
| 942 | _cBOOK | ||
| 980 | _aNB | ||